00639nam a2200193Ia 4500003000900000008004100009040001600050080001600066100002200082245007600104260003400180300001800214650004100232650001400273650001900287942000700306999001500313952011700328IN-BaIIA211028s9999 xx 000 0 eng d cIIA Library a524.83bNOR aNorth, J. D97554 4aThe Measure of the universeba history of modern cosmologycJ. D. North aOxfordbClarendon Pressc1965 axxviii, 436p. aAstronomy and astrophysics thesaurus aCosmology aUniverse91987 cBK c4297d4297 00104070aBANbBANcGENd1973-09-10g90.00l0o524.83/ NORp4796r2021-11-05v90.00w1973-09-10yBKGRs. 90.00